One Tree Hill Characters - Statistics

General Stats
  • This quiz has been taken 4,327 times
    4,326 since last reset
  • The average score is 21 of 33
Answer Stats
Hint Answer % Correct
Chad Michael Murray Lucas Scott
99%
James Lafferty Nathan Scott
99%
Sophia Bush Brooke Davis
98%
Hilarie Burton Peyton Sawyer
98%
Paul Johansson Dan Scott
94%
Bethany Joy Lenz-Galeotti Haley James Scott
94%
Lee Norris Mouth McFadden
92%
Antwon Tanner Skills Taylor
86%
Moira Kelly Karen Roe
84%
Craig Sheffer Keith Scott
84%
Barbara Alyn Woods Deb Scott
83%
Jackson Brundage James Lucas Scott
80%
Austin Nichols Julian Baker
74%
Danneel Harris Rachel Gatina
70%
Shantel VanSanten Quinn James
67%
Tyler Hilton Chris Keller
65%
Robert Buckley Clay Evans
65%
Stephen Colletti Chase Adams
64%
Barry Corbin Whitey Durham
64%
Bevin Prince Bevin
59%
Jana Kramer Alex Dupre
56%
Kate Voegele Mia Catalano
52%
Bryan Greenberg Jake Jagielski
49%
Lisa Goldstein Millicent Huxtable
49%
Daphne Zuniga Victoria Davis
40%
Joe Manganiello Owen Morello
31%
Brett Claywell Tim Smith
30%
Vaughn Wilson Fergie
29%
Michael Copon Felix Taggaro
27%
Cullen Moss Junk
27%
Daniella Alonso Anna Taggaro
26%
Michaela McManus Lindsey Strauss
25%
Ashley Rickards Sam Walker
24%
No matching quizzes found
Score Distribution
Percent of People with Each Score
Percentile by Number Answered
Your Score History
You have not taken this quiz since the last reset